Flags of the World in 1989 - Statistics

General Stats
  • This quiz has been taken 20 times
  • The average score is 138 of 171
Answer Stats
Picture Answer % Correct
Austria
94%
Barbados
94%
Iran
94%
Laos
94%
Qatar
94%
Singapore
94%
South Korea
94%
Switzerland
94%
Tunisia
94%
Uganda
94%
United Kingdom
94%
Uruguay
94%
West Germany
94%
Australia
88%
Bangladesh
88%
Belgium
88%
Belize
88%
Bhutan
88%
Botswana
88%
Brazil
88%
Bulgaria
88%
Burkina Faso
88%
Canada
88%
Chad
88%
Colombia
88%
Costa Rica
88%
Cuba
88%
East Germany
88%
Fiji
88%
Gabon
88%
Greece
88%
Guinea-Bissau
88%
Hungary
88%
Iceland
88%
Iraq
88%
Israel
88%
Italy
88%
Jamaica
88%
Kenya
88%
Lebanon
88%
Liberia
88%
Madagascar
88%
Malaysia
88%
Malta
88%
Marshall Islands
88%
Monaco
88%
Nepal
88%
Netherlands
88%
Nicaragua
88%
Norway
88%
Pakistan
88%
Panama
88%
Philippines
88%
Romania
88%
Samoa
88%
Saudi Arabia
88%
Somalia
88%
South Africa
88%
St. Kitts and Nevis
88%
Sweden
88%
Syria
88%
Trinidad and Tobago
88%
Turkey
88%
United States
88%
Vanuatu
88%
Zambia
88%
Angola
81%
Argentina
81%
Bahrain
81%
Bolivia
81%
Brunei
81%
Burundi
81%
Cameroon
81%
Central African Republic
81%
Cyprus
81%
Czechoslovakia
81%
Djibouti
81%
Dominica
81%
Ecuador
81%
El Salvador
81%
Equatorial Guinea
81%
France
81%
Gambia
81%
Ghana
81%
Grenada
81%
Guatemala
81%
Honduras
81%
Ireland
81%
Ivory Coast
81%
Japan
81%
Libya
81%
Liechtenstein
81%
Luxembourg
81%
Malawi
81%
Maldives
81%
Mali
81%
Mauritania
81%
Mexico
81%
Mongolia
81%
Mozambique
81%
Nauru
81%
New Zealand
81%
Niger
81%
Nigeria
81%
North Korea
81%
Oman
81%
Papua New Guinea
81%
Paraguay
81%
Peru
81%
Portugal
81%
Rwanda
81%
San Marino
81%
São Tomé and Príncipe
81%
Sierra Leone
81%
Soviet Union
81%
Spain
81%
St. Lucia
81%
Suriname
81%
Swaziland
81%
Taiwan
81%
Thailand
81%
Togo
81%
Tonga
81%
United Arab Emirates
81%
Vatican City
81%
Venezuela
81%
Yugoslavia
81%
Zimbabwe
81%
Albania
75%
Algeria
75%
Andorra
75%
Antigua and Barbuda
75%
Cambodia
75%
Chile
75%
China
75%
Denmark
75%
Dominican Republic
75%
Egypt
75%
Finland
75%
Guyana
75%
Haiti
75%
India
75%
Indonesia
75%
Jordan
75%
Kiribati
75%
Kuwait
75%
Mauritius
75%
Morocco
75%
North Yemen
75%
Palestine
75%
Poland
75%
Senegal
75%
Solomon Islands
75%
Sri Lanka
75%
Sudan
75%
Tanzania
75%
The Bahamas
75%
Tuvalu
75%
Ethiopia
69%
Guinea
69%
South Yemen
69%
St. Vincent and the Grenadines
69%
Comoros
63%
Zaire
63%
Afghanistan
56%
Lesotho
56%
Myanmar
38%
Seychelles
38%
Benin
25%
Cape Verde
25%
People's Republic of the Congo
19%
No matching quizzes found
Score Distribution
Percent of People with Each Score
Percentile by Number Answered
Your Score History
You have not taken this quiz